000 00227nam a22000857a 4500
008 160715b xxu||||| |||| 00| 0 eng d
100 _92911
_a Mccay, J.T
245 _aThe Management of Time
260 _aN.J
_b Prentice Hall.Inc.
_c1959
999 _c2476
_d2476